Netter's Illustrated Pharmacology (Record no. 620)

MARC details
000 -LEADER
fixed length control field 00767cam a2200265 a 4500
001 - CONTROL NUMBER
control field 13734932
003 - CONTROL NUMBER IDENTIFIER
control field OSt
005 - DATE AND TIME OF LATEST TRANSACTION
control field 20171127185933.0
008 - FIXED-LENGTH DATA ELEMENTS--GENERAL INFORMATION
fixed length control field 040929s2004 njua 000 0 eng
010 ## - LIBRARY OF CONGRESS CONTROL NUMBER
LC control number 2004114322
020 ## - INTERNATIONAL STANDARD BOOK NUMBER
International Standard Book Number 1929007604 (alk. paper)
040 ## - CATALOGING SOURCE
Original cataloging agency DLC
Transcribing agency DLC
Modifying agency DLC
042 ## - AUTHENTICATION CODE
Authentication code pcc
050 00 - LIBRARY OF CONGRESS CALL NUMBER
Classification number RM301
Item number .R34 2004
082 00 - DEWEY DECIMAL CLASSIFICATION NUMBER
Classification number QV 4 R122n 2005
Edition number 22
100 1# - MAIN ENTRY--PERSONAL NAME
Personal name Raffa, Robert B.; Rawls, Scott M.
9 (RLIN) 1618
245 10 - TITLE STATEMENT
Title Netter's Illustrated Pharmacology
250 ## - EDITION STATEMENT
Edition statement 1st ed.
260 ## - PUBLICATION, DISTRIBUTION, ETC. (IMPRINT)
Place of publication, distribution, etc. New Jersey;
Name of publisher, distributor, etc. Icon Learning Systems,
Date of publication, distribution, etc. 2004.
300 ## - PHYSICAL DESCRIPTION
Extent xxvii, 411 p. :
Other physical details ill. (some col.) ;
Dimensions 28 cm.
504 ## - BIBLIOGRAPHY, ETC. NOTE
Bibliography, etc Includes index.
650 #0 - SUBJECT ADDED ENTRY--TOPICAL TERM
Topical term or geographic name as entry element Pharmacology
Form subdivision Atlases.
9 (RLIN) 1619
906 ## - LOCAL DATA ELEMENT F, LDF (RLIN)
a 7
b cbc
c orignew
d 2
e epcn
f 20
g y-gencatlg
942 ## - ADDED ENTRY ELEMENTS (KOHA)
Source of classification or shelving scheme Other/Generic Classification Scheme
Koha item type Short Loan
Holdings
Withdrawn status Lost status Source of classification or shelving scheme Damaged status Not for loan Home library Current library Date acquired Source of acquisition Inventory number Total Checkouts Full call number Barcode Date last seen Price effective from Koha item type
    Other/Generic Classification Scheme     MUST Main Library MUST Main Library 28/10/2014 Purchase 2007/29125   QV 4 R122n 2005 2014-3172 28/10/2014 28/10/2014 Short Loan